|
|
|
|
| LEADER |
00871nam a2200265 4500 |
| 001 |
DLU090103532 |
| 005 |
##20100607 |
| 040 |
# |
# |
|a DLU
|b vie
|
| 041 |
# |
# |
|a vie
|
| 044 |
# |
# |
|a vn
|
| 100 |
# |
# |
|a Nguyễn Thế Thuấn,
|c TS.
|
| 245 |
# |
# |
|a Về xây dựng phát triển đội ngũ cán bộ khoa học ở Học viện Chính trị Hành chính khu vực I (2008 - 2015) /
|c Nguyễn Thế Thuấn.
|
| 653 |
# |
# |
|a Đào tạo chuyên nghiệp
|
| 653 |
# |
# |
|a Phát triển nguồn nhân lực
|
| 653 |
# |
# |
|a Trí thức
|
| 773 |
# |
# |
|t Giáo dục lý luận
|g Số10(139), 2008, tr. 6-12
|
| 920 |
# |
# |
|a Phòng Tạp chí -- Trung tâm Thông tin - Thư viện Trường Đại học Đà Lạt
|
| 994 |
# |
# |
|a DLU
|
| 900 |
# |
# |
|a True
|
| 911 |
# |
# |
|a Nguyễn Thị Linh Chi
|
| 925 |
# |
# |
|a G
|
| 926 |
# |
# |
|a A
|
| 927 |
# |
# |
|a BB
|
| 980 |
# |
# |
|a Thư viện Trường Đại học Đà Lạt
|